000 00278nam a2200097Ia 4500
008 160114s9999 xx 000 0 und d
020 _a9789712909788
050 _bP645 2010
245 _aPinagaling ang Ketong ni Naaman /
260 _aPhilippines :
_bPhilippine Bible Society
_c2010
999 _c290404
_d290404